|
|
|
|
| LEADER |
00831nam a2200229 a 4500 |
| 001 |
GR-MES1729 |
| 008 |
991111s1995 enk 000 b eng d |
| 020 |
|
|
|a 0803990561
|
| 040 |
|
|
|a GrPaTEI
|b gre
|c GR-PaULI
|
| 245 |
0 |
0 |
|a Designing surveys :
|b A guide to decisions and procedures.
|
| 260 |
|
|
|a London :
|b Pine Forge press,
|c 1995
|
| 300 |
|
|
|a 269σ.
|
| 500 |
|
|
|a includes references and index
|
| 650 |
|
4 |
|a Στατιστική
|
| 650 |
|
4 |
|a ΥΠΗΡΕΣΙΕΣ
|
| 700 |
1 |
|
|a Blair, Johnny
|
| 700 |
1 |
|
|a Czaja, Ronald
|
| 710 |
0 |
|
|a Pine Forge press
|
| 942 |
|
|
|2 ddc
|
| 952 |
|
|
|0 0
|1 0
|2 ddc
|4 0
|6 001_422000000000000_2_CZA
|7 0
|9 266012
|a MSLG
|b MSLG
|c BSC
|d 2021-01-17
|e 24
|f 0
|g 0.00
|l 0
|o 001.422 2 CZA
|p 2420000012252
|r 2021-01-17 00:00:00
|t 1
|w 2021-01-17
|y BK15
|x 19991111 0 1
|x GrPaTEI
|
| 971 |
|
|
|a .b25727722
|b 15-04-20
|c 13-09-16
|
| 999 |
|
|
|c 152937
|d 152937
|